Analýza miezd na Slovensku podľa pohlavia bakalárska práca

Gespeichert in:
Bibliographische Detailangaben
1. Verfasser: Smíkalová, Katarína
Körperschaft: Fakulta hospodárskej informatiky EU. Katedra štatistiky
Weitere Verfasser: Bolgáč, Ján, 1959-
Format: Buch
Sprache:Slowakisch
Veröffentlicht: Bratislava 2011
Tags: Tag hinzufügen
Keine Tags, Fügen Sie das erste Tag hinzu!

MARC

LEADER 00000nbm a2200000 4500
001 0140978
005 20161109111725.7
041 0 |a slo 
044 |a SK 
245 1 0 |a Analýza miezd na Slovensku podľa pohlavia  |b bakalárska práca  |c Katarína Smíkalová ; školiteľ: Ján Bolgáč 
264 1 |a Bratislava  |c 2011 
300 |a 55 s. 
100 1 |a Smíkalová, Katarína 
700 1 |a Bolgáč, Ján, 1959- 
710 2 |a Fakulta hospodárskej informatiky EU. Katedra štatistiky